Movies Quiz

Random Movies or Halloween Quiz

One-Star Horror Movies Quiz Stats

 Plays Quiz Updated Oct 11, 2017

Challenge
Share
Tweet
Embed
Score 0/20 Timer 07:00
1 Play Today
% Correct
The Texas Chainsaw Massacre
89.2%
The Birds
85.6%
Alien
85.6%
A Nightmare on Elm Street
82.9%
Jaws
80.2%
The Shining
79.6%
Rosemary's Baby
77.1%
The Ring
72.7%
Psycho
61.1%
The Cabin In The Woods
59%
% Correct
Friday the 13th
56.1%
The Babadook
55.7%
Poltergeist
53%
Halloween
47%
The Exorcist
46%
The Thing
43.9%
The Omen
41.7%
Saw
37.7%
Scream
31.2%
Insidious
21.6%

You're not logged in!

Compare scores with friends on all Sporcle quizzes.
OR
Log In

You Might Also Like...

Show Comments

Extras

Top Quizzes Today


Score Distribution

Your Account Isn't Verified!

In order to create a playlist on Sporcle, you need to verify the email address you used during registration. Go to your Sporcle Settings to finish the process.

Report this User

Report this user for behavior that violates our Community Guidelines.

Details: